Widok standardowy
Widok MARC
Pozycja Corporate Name
Liczba rekordów, w których użyto hasła: 1
001 - Numer kontrolny
- control field: 40467
003 - Identyfikator numeru kontrolnego
- control field: NUKAT
005 - Data i czas ostatniej modyfikacji
- control field: 20260424121452.0
008 - Dane kontrolne kodowane (40 znaków)
- fixed length control field: 060823n||a|znnaabn |a ana |c
010 ## - Numer kontrolny Biblioteki Kongresu
- numer kontrolny LC: n 2006033128
024 7# - OTHER STANDARD IDENTIFIER
- Standard number or code: 160016900
- Source of number or code: viaf
040 ## - Instytucja sporządzająca rekord
- inst. przygot. dane do rek. khw: KR U/IG
- język haseł przedmiotowych/tezaurus: kaba
- inst. wprow. rek. khw: KR U/IG
- inst. modyf. rek. khw: WA U/MM
- inst. modyf. rek. khw: WA U/DB
- inst. modyf. rek. khw: KIEL 010/MSs
- inst. modyf. rek. khw: WR O/EJ
- inst. modyf. rek. khw: Ł U/ew
110 2# - Hasło - nazwa ciała zbiorowego
- nazwa ciała zbior. lub geogr. na pocz.: Komunistyczna Partia Robotnicza Polski.
410 2# - Trop zob. - nazwa ciała zbiorowego
- nazwa ciała zbior. lub geogr. na pocz.: KPRP.
410 2# - Trop zob. - nazwa ciała zbiorowego
- nazwa ciała zbior. lub geogr. na pocz.: Komunistyczna Partja Robotnicza Polski - Sekcja Międzynarodówki Komunistycznej.
410 2# - Trop zob. - nazwa ciała zbiorowego
- nazwa ciała zbior. lub geogr. na pocz.: Komunistyczna Partia Robotnicza Polski -Zjednoczone SDKPiL i Lewica PPS.
410 2# - Trop zob. - nazwa ciała zbiorowego
- nazwa ciała zbior. lub geogr. na pocz.: Międzynarodówka Komunistyczna.
- nazwa jednostki podrzędnej: Komunistyczna Partia Robotnicza Polski.
410 2# - Trop zob. - nazwa ciała zbiorowego
- nazwa ciała zbior. lub geogr. na pocz.: Komunistyczna Partja Robotnicza Polski.
510 2# - Trop zob. też - nazwa ciała zbiorowego
- podpole kontrolne: b
- nazwa ciała zbior. lub geogr. na pocz.: Komunistyczna Partia Polski.
665 ## - Nota historyczna
- nota historyczna: Powstała w 1918 z połączenia SDKPiL i PPS-Lewicy pod nazwą Komunistyczna Partia Robotnicza Polski. Na III Zjeździe w 1925 zmieniła nazwę na Komunistyczna Partia Polski. Od 1921 sekcja Międzynarodówki Komunistycznej. Rozwiązana w 1938.
670 ## - Źródło informacji
- źródło informacji: Przegląd Komunistyczny.- z. 1, 1921.
670 ## - Źródło informacji
- źródło informacji: Sztandar Socjalizmu. - R. 1, nr 1 (19 grud. 1918).
670 ## - Źródło informacji
- źródło informacji: Katowanie więźniów politycznych w Polsce / Komunistyczna Partja Robotnicza Polski. - Warszawa, 1921.